000 00858nam a22001937a 4500
003 OSt
005 20260414082432.0
008 260414b |||||||| |||| 00| 0 eng d
040 _aDWCL GS lib
_cOC
082 _aFic. W989y 1998
100 _aWyss, Johann
245 _athe young collector's illustrated classics:
_bswiss family robinson
_cJohann Wyss
260 _aChicago
_bMasterwork Books
_cc1998
300 _a188
_billustrations
_c23cm
520 _a A Swiss family must survive being shipwrecked on a deserted island. A family en route to New Guinea is shipwrecked on a deserted, tropical island. They are forced to remain on the island because of the damage to the ship and the pirates that are roaming the islands.
546 _aEnglish
700 _aJohann Wyss
942 _2ddc
_cFIC.
_hFic. W989y 1998
_n0
999 _c9408
_d9408